000 00366nam a22001577a 4500
005 20251108172347.0
008 250721s1982 xx 000 0 eng d
082 1 4 _aF/HOO
100 1 _aHood, Jasper
245 1 0 _aContact with maldonia /
264 1 _aLondon :
_bHeinemann,
_c1982.
300 _a172p.
650 1 7 _aFiction
942 _2ddc
_cBK
999 _c77232
_d77232